00384 a2200121 4500001001000000005001700010008004100027245004900068100001800117700001900135773009100154999001700245ART_1480520260410161614.0260409a 10aLiderar desde el consejo de administración1 aClark, Robert1 aLorsch, Jay W.0 tHarvard Business ReviewgLa empresa y su gobierno - Vol. 86, Nº 8 (ago. 2008)wREV340 c10881d10881